Los programas sociales en Argentina hacia el Bicentenario (Registro nro. 4062)

Detalles MARC
000 -LEADER
fixed length control field 02081 a2200265 4500
001 - CONTROL NUMBER
control field 45900
005 - DATE AND TIME OF LATEST TRANSACTION
control field 20260407155731.0
008 - FIXED-LENGTH DATA ELEMENTS--GENERAL INFORMATION
fixed length control field 260407a2008 arg spa d
003 - CONTROL NUMBER IDENTIFIER
control field AR-UNSa-BCEJYS
040 ## - CATALOGING SOURCE
Original cataloging agency AR-UNSa-BCEJYS
Language of cataloging spa
Transcribing agency AR-UNSa-BCEJYS
080 ## - UNIVERSAL DECIMAL CLASSIFICATION NUMBER
Universal Decimal Classification number 304.4(82)
Common auxiliary subdivision Aspectos generales de las políticas y prácticas sociales y culturales en Argentina (política social)
020 ## - INTERNATIONAL STANDARD BOOK NUMBER
International Standard Book Number 978-987-98057-6-3
041 ## - LANGUAGE CODE
Language code of text/sound track or separate title spa
100 1# - MAIN ENTRY--PERSONAL NAME
Personal name Moreno, Juan Martín
245 10 - TITLE STATEMENT
Title Los programas sociales en Argentina hacia el Bicentenario
Name of part/section of a work visiones y perspectivas
264 #1 - PRODUCTION, PUBLICATION, DISTRIBUTION, MANUFACTURE, AND COPYRIGHT NOTICE
Place of production, publication, distribution, manufacture Buenos Aires :
Name of producer, publisher, distributor, manufacturer Banco Mundial
Date of production, publication, distribution, manufacture, or copyright notice 2008
300 ## - PHYSICAL DESCRIPTION
Extent 349 p.
Dimensions 23 cm.
505 ## - FORMATTED CONTENTS NOTE
Formatted contents note 1. Argentina: políticas de transferencia de ingresos hacia el Bicentenario / Dena Ringold y Rafael Rofman – 2. Los programas sociales en la opinión pública. Resultados de la Encuesta de Percepción de Planes Sociales en la Argentina / Guillermo Cruces y Helena Rovner – 3. Atender necesidades, crear oportunidades o garantizar derechos. Visiones sobre la política social / Alejandro Bonvecchi y Catalina Smulovitz – 4. Las políticas sociales y la investigación de opinión pública / Manuel Mora y Araujo – 5. La política social argentina en perspectiva/ Ernesto Aldo Isuani – 6. ¿Qué y a quién? Beneficios y beneficiarios de los programas de transferencias condicionadas de ingresos – 7. Argentina modelo XXI: inestabilidad macroeconómica, empobrecimiento sostenido y políticas sociales / Guillermo Rozenwurcel y Claudia Vázquez – 8. ¿Ud. Volvería a lanzar el Plan Jefes? Una visión de los planes sociales y el mercado de trabajo en Argentina / Juan Martín Moreno – 9. Estigma y deslegitimación de las políticas sociales en la Argentina: la evidencia de la Encuesta de Percepción de Planes Sociales / Eduardo Amadeo -
590 ## - LOCAL NOTE (RLIN)
Local note niveau_biblio:m niveau_hierar:0
700 1# - ADDED ENTRY--PERSONAL NAME
Personal name Cruces, Guillermo
700 1# - ADDED ENTRY--PERSONAL NAME
Personal name Ringold, Dena
700 1# - ADDED ENTRY--PERSONAL NAME
Personal name Rofman, Rafael
856 41 - ELECTRONIC LOCATION AND ACCESS
Uniform Resource Identifier <a href="https://www.biblioeco.unsa.edu.ar/pmb/images/libros/L127225.jpg">https://www.biblioeco.unsa.edu.ar/pmb/images/libros/L127225.jpg</a>
Link text Imagen de portada
Electronic format type image/jpeg
942 ## - ADDED ENTRY ELEMENTS (KOHA)
Koha item type
Existencias
Withdrawn status Lost status Damaged status Not for loan Home library Current library Shelving location Date acquired Total checkouts Full call number Barcode Date last seen Price effective from Koha item type
        Biblioteca Prof. Eusebio Cleto del Rey Biblioteca Prof. Eusebio Cleto del Rey   07/04/2026   304.4(82) P964 L127225 07/04/2026 07/04/2026 Libro